Нормален изглед
MARC изглед
- Н
Вход 16. Тематичен бюлетин
001 - Контролен номер на записа
- Контролно поле: 178160
003 - Код на организацията, даваща контролен номер
- Контролно поле: BLK
005 - Дата и час на последна промяна на записа
- Контролно поле: 20180412190135.0
008 - Данни с фиксирана дължина – обща информация
- Данни с фиксирана дължина : 180403|e aczn|aaaa | aaa d
159 ## - Тематичен бюлетин
- Тематичен бюлетин - код: Н
- Тематичен бюлетин - текст: Нови книги
942 ## - Системна служебна употреба
- Koha auth type: TEMBUL